| 000 | 00443nam a2200121Ia 4500 | ||
|---|---|---|---|
| 008 | 250110s9999 xx 000 0 und d | ||
| 041 | _aeng | ||
| 100 |
_aKudale Pranjal _9184173 |
||
| 245 | _aSystem Dessign Of Predictive Modelling For Adding In LiveabilityIn Post Metro Vertical Cityu A Case Of Pune City | ||
| 260 |
_bBNCA-M arch Digital Architecture _c2021 |
||
| 500 | _aDigital Architecture | ||
| 700 |
_aGuide Name:Dhamale Supriya _9211038 |
||
| 999 |
_c364750 _d364750 |
||